|
|
|
|
| LEADER |
02076nam a22003854a 4500 |
| 001 |
EBC3060583 |
| 003 |
MiAaPQ |
| 005 |
20200520144314.0 |
| 006 |
m o d | |
| 007 |
cr cn||||||||| |
| 008 |
051220s2006 nyua sb 001 0 eng |
| 010 |
|
|
|z 2005037167
|
| 020 |
|
|
|z 0765617803 (cloth : alk. paper)
|
| 020 |
|
|
|z 9780765617804
|
| 035 |
|
|
|a (MiAaPQ)EBC3060583
|
| 035 |
|
|
|a (Au-PeEL)EBL3060583
|
| 035 |
|
|
|a (CaPaEBR)ebr10178126
|
| 035 |
|
|
|a (CaONFJC)MIL93430
|
| 035 |
|
|
|a (OCoLC)814502426
|
| 040 |
|
|
|a MiAaPQ
|c MiAaPQ
|d MiAaPQ
|
| 050 |
|
4 |
|a HF1379
|b .I568 2006
|
| 082 |
0 |
4 |
|a 658/.049
|2 22
|
| 245 |
0 |
0 |
|a International business
|h [electronic resource] :
|b theory and practice /
|c Riad A. Ajami ... [et al.].
|
| 250 |
|
|
|a 2nd ed.
|
| 260 |
|
|
|a Armonk, N.Y. :
|b M.E. Sharpe,
|c c2006.
|
| 300 |
|
|
|a xxviii, 548 p. :
|b ill.
|
| 500 |
|
|
|a Prev. ed. entered under Dara Khambata.
|
| 504 |
|
|
|a Includes bibliographical references and index.
|
| 505 |
0 |
|
|a An introduction to international business and multinational corporations -- The nature of international business -- Theories of trade and economic development -- International monetary system and balance of payments -- Foreign exchange markets -- Supranational organizations and international institutions -- Analyzing national economies -- International law -- Sociocultural factors -- Foreign investment : researching risk -- International marketing -- International finance -- International accounting -- International taxation -- International staffing and labor issues -- Managing operations and technology -- Ethical concerns : multinationals and earth's environment -- Future issues in international business.
|
| 533 |
|
|
|a Electronic reproduction. Ann Arbor, MI : ProQuest, 2015. Available via World Wide Web. Access may be limited to ProQuest affiliated libraries.
|
| 650 |
|
0 |
|a International trade.
|
| 655 |
|
4 |
|a Electronic books.
|
| 700 |
1 |
|
|a Ajami, Riad A.
|
| 710 |
2 |
|
|a ProQuest (Firm)
|
| 856 |
4 |
0 |
|u https://ebookcentral.proquest.com/lib/matrademy/detail.action?docID=3060583
|z Click to View
|